Handicraft: (Record no. 1019)

MARC details
000 -LEADER
fixed length control field 00727nam a22002177a 4500
005 - DATE AND TIME OF LATEST TRANSACTION
control field 20230209054428.0
008 - FIXED-LENGTH DATA ELEMENTS--GENERAL INFORMATION
fixed length control field 230209b |||||||| |||| 00| 0 eng d
020 ## - INTERNATIONAL STANDARD BOOK NUMBER
International Standard Book Number 978-971-23-8003-7
082 ## - DEWEY DECIMAL CLASSIFICATION NUMBER
Classification number Fil. 745.53 B297 2017
100 ## - MAIN ENTRY--PERSONAL NAME
Personal name Basbas, John Gabrielle D.
Relator term author
245 ## - TITLE STATEMENT
Title Handicraft:
Remainder of title leathercraft and woodcraft /
Statement of responsibility, etc. John Gabrielle D. Basbas; Leonora D. Basbas, coordinator
250 ## - EDITION STATEMENT
Edition statement 1st ed.
260 ## - PUBLICATION, DISTRIBUTION, ETC.
Place of publication, distribution, etc. Manila:
Name of publisher, distributor, etc. Rex Book Store,
Date of publication, distribution, etc. c2017.
300 ## - PHYSICAL DESCRIPTION
Extent x, 144p.;
Other physical details ill.
504 ## - BIBLIOGRAPHY, ETC. NOTE
Bibliography, etc. note Includes references and index
541 ## - IMMEDIATE SOURCE OF ACQUISITION NOTE
Accession number 5605 c.1, 5606 c.2, 5607 c.3, 5608 c.4, 5609 c.5
650 ## - SUBJECT ADDED ENTRY--TOPICAL TERM
Topical term or geographic name entry element Handicraft
650 ## - SUBJECT ADDED ENTRY--TOPICAL TERM
Topical term or geographic name entry element Leather work
650 ## - SUBJECT ADDED ENTRY--TOPICAL TERM
Topical term or geographic name entry element Woodwork
700 ## - ADDED ENTRY--PERSONAL NAME
Personal name Basbas, Leonora D.
Relator term coordinator
Holdings
Withdrawn status Lost status Source of classification or shelving scheme Damaged status Not for loan Home library Current library Date acquired Total Checkouts Full call number Barcode Date last seen Copy number Price effective from Koha item type
    Dewey Decimal Classification     ctu-moalboal ctu-moalboal 01/14/2019   Fil. 745.53 B297 2017 5605 02/09/2023 1 02/09/2023 Books-Filipiniana
    Dewey Decimal Classification     ctu-moalboal ctu-moalboal 01/14/2019   Fil. 745.53 B297 2017 5606 02/09/2023 2 02/09/2023 Books-Filipiniana
    Dewey Decimal Classification     ctu-moalboal ctu-moalboal 01/14/2019   Fil. 745.53 B297 2017 5607 02/09/2023 3 02/09/2023 Books-Filipiniana
    Dewey Decimal Classification     ctu-moalboal ctu-moalboal 01/14/2019   Fil. 745.53 B297 2017 5608 02/09/2023 4 02/09/2023 Books-Filipiniana
    Dewey Decimal Classification     ctu-moalboal ctu-moalboal 01/14/2019   Fil. 745.53 B297 2017 5609 02/09/2023 5 02/09/2023 Books-Filipiniana